000 00915nam a22002537a 4500
005 20110927154954.0
008 110927t xxu||||| |||| 00| 0 eng d
010 _aENG-103858
020 _c350.00
_a9789380847009
035 _aEN-87391
037 _bDBAD/PUB
040 _aDPL
_bEng
082 _a646.78
100 _934818
_aBandrawal, Praveen Kumar
245 _aThe parent-child relation /
_cby Praveen Kumar Bandrawal
260 _aNew Delhi
_bAnurag Prakashan
_c2011
270 _a4760-61, IInd Floor, 23, Ansari Road, Daryaganj
_bNew Delhi
_e110002
_k08555-287375
_l287236
_menquiry@sssbpt.org
300 _a183p.
_c22cm (Hb)
650 _934827
651 _934820
700 _934830
942 _2ddc
_cEN
_mBAN
_h646.78
999 _c57067
_d57067